| Поле | Название | Значение |
| |
Тип записи |
c |
| |
Библиографический уровень |
m |
| 001 |
Контрольный номер |
RU/IS/BASE/666199711 |
| 005 |
Дата корректировки |
20250520124640.0 |
| 010 |
Индекс ISBN |
__ |
| 9 |
Тираж |
5000 экз. |
| 013 |
Номер (ISMN) |
__ |
| d |
Цена |
79 к. |
| 071 |
Издательские номер (звукозапись и ноты) |
21 |
| a |
Номер, присвоенный агентством |
3785 |
| 100 |
Данные общей обработки |
__ |
| a |
Данные общей обработки |
20210209d1967 u y0rusy0189||||ca |
| 101 |
Язык документа |
0_ |
| a |
Язык текста |
rus |
| f |
Язык титульного листа |
rus |
| 102 |
Страна публикации |
__ |
| a |
Страна публикации |
RU |
| 105 |
Кодированные данные (монография) |
__ |
| a |
Кодированные данные (монография) |
y###||||000|y |
| 125 |
Кодированные данные звукозаписи и нотных изданий |
__ |
| a |
Форма изложения нотного текста |
с| |
| 128 |
Кодированные данные (звукозаписи-физические характеристики) |
__ |
| a |
Кодированные данные: Музыкальная форма и тональность или лад |
chs |
| b |
Инструменты или голоса, необходимые для ансамблей (устаревшее) |
cd|| |
| 200 |
Заглавие и сведения об ответственности |
1_ |
| a |
Заглавие |
Песни звучат над Невой |
| b |
Общее обозначение материала |
Ноты |
| e |
Сведения, относящиеся к заглавию |
пение [хор] в сопровожд. фп. и без сопровожд. |
| e |
Сведения, относящиеся к заглавию |
репертуар дет. хора Ленинградского радио и телевидения |
| f |
Первые сведения об ответственности |
сост. Ю. Славнитский |
| 210 |
Выходные данные |
1_ |
| a |
Место издания |
Москва |
| c |
Издательство |
Музыка |
| d |
Дата издания |
1967 |
| 215 |
Физическое описание |
__ |
| a |
Объем |
63 с. |
| d |
Формат |
29 см |
| 327 |
Примечание о содержании |
11 |
| a |
Примечание о содержании |
Содерж. : Баснер В. Ленинградская праздничная / сл. Я. Прицкера. - Леви Н. В Пушкинском парке / сл. Н. Леви. - Витлин В. Цепи рабства падут / сл. П. Кагановой. - Кузнецов В. Рыбаки и судаки / сл. М. Либина ; Хвастался парнишка / сл. А. Босева ; пер. Г. Сапгира. - Брынзу утром ест цыган : венг. нар. песня / обраб. З. Кодая ; пер. Н. Глейзарова. - Ослик и тележка : бельг. нар. песня / обраб. В. Сибирского ; пер. Эм. Александровой. - Четыре таракана и сверчок : итал. нар. песня / обраб. А. Долуханяна ; пер. Р. Виккерса и Ю. Батицкого. - Песнь Бояна : из оперы М. Глинки "Руслан и Людмила" / перелож. для хора Ю. Славнитского. - Кюи Ц. Царскосельская статуя / сл. А. Пушкина ; перелож. для хора Ю. Славнитского. - Рахманинов С. Сирень / сл. Е. Бекетовой ; перелож. для хора Ю. Славнитского. - Россини Дж. Неаполитанская тарантелла / рус. текст Ю. Майкова ; перелож. для хора Ю. Славнитского. - Моя Родина : фрагмент из поэмы для симф. оркестра "Финляндия" Я. Сибелиуса / перелож. для дет. хора и фп. М. Иорданского ; сл. И. Лешкевич. - Гимн Москве : по мотивам оперы С. Прокофьева "Война и мир" / перелож. для дет. хора Ю. Славнитского. - Баклажечка : пионерская песня / обраб. для хора Ю. Славнитского. - Как на дубе : рус. нар. песня / обраб. для хора Ю. Славнитского. - Перепелка : фр. нар. песня / обраб. для дет. хора Ю. Славнитского ; пер. В. Струева и Ю. Верниковской. |
| 464 |
Аналитический уровень |
_0 |
| 1 |
|
2001 |
| a |
|
Ленинградская праздничная |
| e |
|
Нынче Невский широкий нам тесен... |
| 1 |
|
700 1 |
| a |
|
Баснер |
| b |
|
В. |
| 1 |
|
702 1 |
| a |
|
Прицкер |
| b |
|
Я. |
| 4 |
|
520 |
| 464 |
Аналитический уровень |
_0 |
| 1 |
|
2001 |
| a |
|
В Пушкинском парке |
| e |
|
В старинном парке Пушкинском березонька росла... |
| 1 |
|
700 1 |
| a |
|
Леви |
| b |
|
Н. |
| 1 |
|
702 1 |
| a |
|
Леви |
| b |
|
Н. |
| 4 |
|
520 |
| 464 |
Аналитический уровень |
_0 |
| 1 |
|
2001 |
| a |
|
Цепи рабства падут |
| e |
|
Щедрая земля, джунгли и поля... |
| 1 |
|
700 1 |
| a |
|
Витлин |
| b |
|
В. |
| 1 |
|
702 1 |
| a |
|
Каганова |
| b |
|
П. |
| 4 |
|
520 |
| 464 |
Аналитический уровень |
_0 |
| 1 |
|
2001 |
| a |
|
Рыбаки и судаки |
| e |
|
Рано утром у реки... |
| 1 |
|
700 1 |
| a |
|
Кузнецов |
| b |
|
В. |
| 1 |
|
702 1 |
| a |
|
Либин |
| b |
|
М. |
| 4 |
|
520 |
| 464 |
Аналитический уровень |
_0 |
| 1 |
|
2001 |
| a |
|
Брынзу утром ест цыган |
| e |
|
Брынзу утром ест цыган... |
| e |
|
венг. нар. песня |
| 1 |
|
702 1 |
| a |
|
Кодай |
| b |
|
З. |
| 4 |
|
030 |
| 1 |
|
702 1 |
| a |
|
Глейзаров |
| b |
|
Н. |
| 4 |
|
730 |
| 464 |
Аналитический уровень |
_0 |
| 1 |
|
2001 |
| a |
|
Ослик и тележка |
| e |
|
Ослик наш хорош собою... |
| e |
|
бельг. нар. песня |
| 1 |
|
702 1 |
| a |
|
Сибирский |
| b |
|
В. |
| 4 |
|
030 |
| 1 |
|
702 1 |
| a |
|
Александрова |
| b |
|
Эм. |
| 4 |
|
730 |
| 464 |
Аналитический уровень |
_0 |
| 1 |
|
2001 |
| a |
|
Четыре таракана и сверчок |
| e |
|
У дедушки за печкою компания сидит... |
| e |
|
итал. нар. песня |
| 1 |
|
702 1 |
| a |
|
Долуханян |
| b |
|
А. |
| 4 |
|
030 |
| 1 |
|
702 1 |
| a |
|
Виккерс |
| b |
|
Р. |
| 4 |
|
730 |
| 1 |
|
702 1 |
| a |
|
Батицкий |
| b |
|
Ю. |
| 4 |
|
730 |
| 464 |
Аналитический уровень |
_0 |
| 1 |
|
2001 |
| a |
|
Песнь Бояна |
| e |
|
Есть пустынный край... |
| e |
|
из оперы "Руслан и Людмила" |
| e |
|
перелож. для хора |
| 1 |
|
700 1 |
| a |
|
Глинка |
| b |
|
М. |
| 1 |
|
702 1 |
| a |
|
Славнитский |
| b |
|
Ю. |
| 4 |
|
030 |
| 464 |
Аналитический уровень |
_0 |
| 1 |
|
2001 |
| a |
|
Царскосельская статуя |
| e |
|
Урну с водой уронив... |
| e |
|
перелож. для хора |
| 1 |
|
700 1 |
| a |
|
Кюи |
| b |
|
Ц. |
| 1 |
|
702 1 |
| a |
|
Пушкин |
| b |
|
А. |
| 4 |
|
520 |
| 1 |
|
702 1 |
| a |
|
Славнитский |
| b |
|
Ю. |
| 4 |
|
030 |
| 464 |
Аналитический уровень |
_0 |
| 1 |
|
2001 |
| a |
|
Сирень |
| e |
|
По утру, на заре... |
| e |
|
перелож. для хора |
| 1 |
|
700 1 |
| a |
|
Рахманинов |
| b |
|
С. |
| 1 |
|
702 1 |
| a |
|
Бекетова |
| b |
|
Е. |
| 4 |
|
520 |
| 1 |
|
702 1 |
| a |
|
Славнитский |
| b |
|
Ю. |
| 4 |
|
030 |
| 464 |
Аналитический уровень |
_0 |
| 1 |
|
2001 |
| a |
|
Неаполитанская тарантелла |
| e |
|
Нина, Нина, тарантелла!.. |
| e |
|
перелож. для хора |
| 1 |
|
700 1 |
| a |
|
Россини |
| b |
|
Дж. |
| 1 |
|
702 1 |
| a |
|
Майков |
| b |
|
А. |
| 4 |
|
730 |
| 1 |
|
702 1 |
| a |
|
Славнитский |
| b |
|
Ю. |
| 4 |
|
030 |
| 464 |
Аналитический уровень |
_0 |
| 1 |
|
2001 |
| a |
|
Моя Родина |
| e |
|
Любимый край, твоя краса сурова... |
| e |
|
фрагмент из поэмы для симф. оркестра "Финляндия" |
| e |
|
перелож. для дет. хора и фп. |
| 1 |
|
700 1 |
| a |
|
Сибелиус |
| b |
|
Я. |
| 1 |
|
702 1 |
| a |
|
Иорданский |
| b |
|
М. |
| 4 |
|
030 |
| 1 |
|
702 1 |
| a |
|
Лешкевич |
| b |
|
И. |
| 4 |
|
520 |
| 1 |
|
50010 |
| a |
|
Финляндия |
| 464 |
Аналитический уровень |
_0 |
| 1 |
|
2001 |
| a |
|
Гимн Москве |
| e |
|
Величавая в солнечных лучах... |
| e |
|
по мотивам оперы "Война и мир" |
| e |
|
перелож. для дет. хора |
| 1 |
|
700 1 |
| a |
|
Прокофьев |
| b |
|
С. |
| 1 |
|
702 1 |
| a |
|
Славнитский |
| b |
|
Ю. |
| 4 |
|
030 |
| 1 |
|
50010 |
| a |
|
Война и мир |
| 464 |
Аналитический уровень |
_0 |
| 1 |
|
2001 |
| a |
|
Баклажечка |
| e |
|
Смотрит вожатый, смотрят пионеры... |
| e |
|
пионерская песня |
| e |
|
обраб. для хора |
| 1 |
|
702 1 |
| a |
|
Славнитский |
| b |
|
Ю. |
| 4 |
|
030 |
| 464 |
Аналитический уровень |
_0 |
| 1 |
|
2001 |
| a |
|
Как на дубе |
| e |
|
Как на дубе на высоком... |
| e |
|
рус. нар. песня |
| e |
|
обраб. для хора |
| 1 |
|
702 1 |
| a |
|
Славнитский |
| b |
|
Ю. |
| 4 |
|
030 |
| 464 |
Аналитический уровень |
_0 |
| 1 |
|
2001 |
| a |
|
Перепелка |
| e |
|
Скажи мне, перепелка... |
| e |
|
фр. нар. песня |
| e |
|
обраб. для дет. хора |
| 1 |
|
702 1 |
| a |
|
Славнитский |
| b |
|
Ю. |
| 4 |
|
030 |
| 1 |
|
702 1 |
| a |
|
Струев |
| b |
|
В. |
| 4 |
|
730 |
| 1 |
|
702 1 |
| a |
|
Верниковская |
| b |
|
Ю. |
| 4 |
|
730 |
| 464 |
Аналитический уровень |
_0 |
| 1 |
|
2001 |
| a |
|
Хвастался парнишка |
| e |
|
Хвастался парнишка... |
| 1 |
|
700 1 |
| a |
|
Кузнецов |
| b |
|
В. |
| 1 |
|
702 1 |
| a |
|
Босев |
| b |
|
А. |
| 4 |
|
520 |
| 1 |
|
702 1 |
| a |
|
Сапгир |
| b |
|
Г. |
| 4 |
|
730 |
| 512 |
Заглавие обложки |
1_ |
| a |
Заглавие обложки |
Песни звучат над Невой |
| 606 |
Тематические рубрики |
0_ |
| a |
Основная рубрика |
Хоры детские |
| 610 |
Ключевые слова |
0_ |
| a |
Ключевые слова |
детские хоры |
| 686 |
Индексы других классификаций |
__ |
| a |
Классификационный индекс |
85.941.8 |
| 2 |
Код системы |
rubbk |
| 702 |
Вторичная интеллектуальная ответственность |
_1 |
| a |
Фамилия |
Славнитский |
| b |
Имя (инициалы) |
Ю. М. |
| 4 |
Код отношения |
220 |
| 801 |
Источник записи |
_0 |
| a |
Страна |
RU |
| b |
Организация |
Ульяновская ОНБ |
| c |
Дата составления |
20210209 |
| g |
Правила каталогизации |
RCR |
| 801 |
Источник записи |
_1 |
| a |
Страна |
RU |
| b |
Организация |
Ульяновская ОНБ |
| c |
Дата составления |
20210209 |
| g |
Правила каталогизации |
RCR |
| 901 |
Тип документа |
__ |
| t |
Тип документа |
m |
| 909 |
Создатель записи |
__ |
| a |
Создатель записи |
Грязнова И. Е. |
| 938 |
Служебная информация |
__ |
| a |
Имя БД |
noti |
| b |
Имя библиотеки |
УОНБ |
| c |
Имя АИБС |
МАРК-SQL |
| d |
Номер DOC_ID в БД |
23359 |